| 000 | 01630nam a2200301 4500 | ||
|---|---|---|---|
| 001 | 0000015370 | ||
| 003 | CO-CtgCURN | ||
| 005 | 20250331185206.0 | ||
| 007 | ta | ||
| 008 | 160627s2012 000 0 eng d | ||
| 020 | _a9789589076637 | ||
| 040 |
_aCO-CtgCURN _bspa _ccoctgcurn |
||
| 082 | 0 |
_a616.4 _bOr78 |
|
| 100 | 1 | _aOrrego M., Arturo. | |
| 245 | 1 | 0 |
_aFundamentos de medicina : _bendocrinología. |
| 250 | _a7a ed. | ||
| 260 |
_aMedellin : _bCIB (Corporación para Investigaciones biologicas), _c2012. |
||
| 300 | _a663 p. | ||
| 336 | _2rdacontent | ||
| 337 |
_2rdamedia _asin mediacion _bn |
||
| 338 |
_2rdacarrier _avolumen _bnc |
||
| 505 | 8 | _aBreve Introducción a la endocrinología, al laboratorio endocrino y al trasplante de pancreas en diabeticos.--Eje hipotalamo hipofisis.--Neurohipofisis.--La glandula pineal.--Glandula tiroides.--Manifestaciones clinicas de los trastornos del metabolismo del calcio y el fosforo.--Adrenales.--Desordenes del testiculo.--Endocrinología ginecologica.--Biología de la determinacion y diferenciacion sexual y alteraciones del desarrollo sexual.--Diabetes mellitus.--Sindrome hipoglucemico.--Hiperandrogenismo.--Crecimiento normal y sus trastornos.--Canceres dependientes de hormonas.--Tumores endocrinos gastroentero pancreaticos.--Manifestaciones humorales del cancer: sindromes paraneoplasticos.--Endocrinopatias multiples familiares | |
| 650 | 1 | 4 | _aEndocrinología. |
| 908 | _a160627 | ||
| 942 |
_cBK _h616.4 _iOr78 _2ddc |
||
| 999 |
_c22493 _d22493 |
||